000 00882nam a2200265 c 4500
003 BLK
005 20180822175200.0
008 180408b bul|||||r ||||||| ||bul||
010 _aKNG00045746000
020 _a0-07-016949-7
_bиздат.: MacGraw-Hill
040 _aBLK
041 _aeng
_cENG
080 _aАнглийска литература
_b821.111
_x-32
_z821.111-32
080 _aАмериканска литература (на САЩ)
_b821.111(73)
_x-32
_z821.111(73)-32
700 1 _aRompf, Kraft
_eсъавт.
_922693
139 _aDIYANNI, Robert et al.
_b
245 1 0 _aThe MacGraw-Hill book of fiction
_cсъавт. Kraft Rompf.
260 New York et al.
_bMacGraw-Hill
_c1995
300 _aXVI, 1236 с., 8 л
_bил.
_c23 см
852 _aЦб 189691
856 4 _qpdf
_u
856 4 _qpdf
_u
942 _cKNG
_n0
_02
944 _aCR
_c01.01.1999
_kAB_DOS
944 _aED
_c15.01.2003
_k
999 _c42093
_d42093